| 000 | nam a22 a 4500 | ||
|---|---|---|---|
| 999 |
_c2714 _d2714 |
||
| 005 | 20170517154508.0 | ||
| 008 | 170517s2001 be ||||| |||| 00| 0 eng d | ||
| 040 | _aAKMAL | ||
| 082 | _a343.056 WCO | ||
| 090 |
_a343.056 _bWCO |
||
| 245 | 1 | 0 |
_aNomenclature And Classification. Amendments To The Harmonized System Nomenclature : _beffective from 1 January 2002 ( Recommendation of 25 June 1999) |
| 260 |
_aBrussels; _bWorld Customs Organization, _c2001 |
||
| 300 |
_avarious paging _c30cm |
||
| 599 | _aDALAM PROSES | ||
| 650 | 1 | 0 |
_aTariff _xTerminology and classification _94075 |
| 942 |
_2ddc _cBOOK |
||
| 950 | _lAKMAL | ||